| 000 | 01151cam a2200289 a 4500 | ||
|---|---|---|---|
| 999 |
_c26463 _d26463 |
||
| 001 | 2128409 | ||
| 005 | 20170204121855.0 | ||
| 008 | 971003s1997 wiua bc 000 0 eng | ||
| 010 | _a 97073989 | ||
| 020 | _a0944110576 | ||
| 050 | 0 | 0 | _aNB1270 .G4R43 1997 |
| 245 | 0 | 0 |
_aRecent glass sculpture : _ba union of ideas / _cAudrey Mann, guest curator. |
| 260 |
_aMilwaukee, Wis. : _bMilwaukee Art Museum, _c[1997?] |
||
| 300 |
_a39 p. : _bill. (some col.) ; _c26 cm. |
||
| 500 | _aCatalog of an exhibition held at the Milwaukee Art Museum, Sept. 5-Nov. 2, 1997. | ||
| 504 | _aIncludes bibliographical references (p. 38-39). | ||
| 650 | 0 |
_aGlass sculpture _y20th century _xExhibitions. |
|
| 700 | 1 | _aMann, Audrey. | |
| 710 | 2 | _aMilwaukee Art Museum. | |
| 942 |
_2lcc _cBOOKS |
||